Normal view
MARC view
Entry Personal Name
001 - CONTROL NUMBER
- control field: 10087
003 - CONTROL NUMBER IDENTIFIER
- control field: BD-RjUL
005 - DATE AND TIME OF LATEST TRANSACTION
- control field: 20231119112704.0
008 - FIXED-LENGTH DATA ELEMENTS
- fixed length control field: 231119|| aca||aabn | a|a d
040 ## - CATALOGING SOURCE
- Original cataloging agency: BD-RjUL
- Transcribing agency: BD-RjUL
100 ## - HEADING--PERSONAL NAME
- Personal name: Ullah, Mohammad Safi
670 ## - SOURCE DATA FOUND
- Source citation: Work cat.: (BD-RjUL)82307: Ullah, Mohammad Safi, AN ANALYTICAL METHOD FOR FINDING EXACT TRAVELING WAVE SOLUTION OF SOME NONLINEAR EVOLUTION EQUATIONS (NLEES) IN BIOLOGICAL AND MATHEMATICAL PROBLEMS /, 2021